000 01724nam a2200517 i 4500
001 1580
003 KOSZ 005
005 20190830113251.0
008 000114s1980 pl a f f |000 0 pol
015 _aPB 1981/575
020 _a8301020033
035 _a991012448609705066
035 _a(PL-WaBN)b13369799-48omnis_nlop
035 _ab13369799
035 _a(OCoLC)830249470
035 _a(PL)b0000001336979
035 _a(EXLNZ-48OMNIS_NETWORK)9910330515805606
040 _aWA N
_cWA N
_dKosz 005/HR
041 0 _apol
046 _k1980
080 _a628.1
080 _a628.3
080 _a579
080 _a(075.8+076)
100 1 _aPawlaczyk-Szpilowa, Maria
_d(1923-2005)
_eAutor
245 1 0 _aĆwiczenia z mikrobiologii wody i ścieków :
_b[skrypt dla studentów wyższych szkół technicznych] /
_cMaria Pawlaczyk-Szpilowa.
260 _aŁódź :
_bPańst. Wydaw. Naukowe,
_c1980
300 _a188, [3] s. :
_bil., tab., wykr. ;
_c24 cm.
336 _2rdacontent
_aTekst
_btxt
337 _2rdamedia
_aBez urządzenia pośredniczacego
_bn
338 _2rdacarrier
_aWolumin
_bnc
380 _aKsiążki
380 _aPublikacje dydaktyczne
385 _mPoziom nauczania
_aSzkoły wyższe
388 _a1901-2000
504 _aBibliogr. s. 186-[189].
650 7 _aŚcieki
_2DBN
650 7 _aWoda
_2DBN
650 7 _aMikrobiologia
650 7 _aBiologia sanitarna
655 7 _aĆwiczenia i zadania dla szkół wyższych
_2DBN
710 2 _aPaństwowe Wydawnictwo Naukowe
856 _uhttp://koha.tu.koszalin.pl/cgi-bin/koha/opac-detail.pl?biblionumber=1580
_yKatalog online BPK
942 _2UKD
_cKS
999 _c1580
_d1580